000 00414nam a2200121 4500
245 _aComplete poetical works
_cby John Keats and Percy Bysshe Shelley ;w ith the explanatory notes of Shelley's Poems by Mrs. Shelly
100 _aKeat, John
710 _aShelley, Percy Bysshe
260 _aNew York
_bModern Library
_c[19..?]
300 _aviii, 914p. 21cm.-
490 _aModern Libray giant
082 _a821.7
_b KEA
999 _c1711
_d1711